| 000 | 00365pam a2200145 a 4500 | ||
|---|---|---|---|
| 020 |
_a9783131486714 _c |
||
| 041 | _h | ||
| 082 |
_a617.3 _bMAR/VAN |
||
| 100 | _aMARTI R.K., VAN R.J. | ||
| 245 |
_aOSTEOTOMIES FOR POSTTTRAUMATIC DEFORMITIES _hTextual Documents |
||
| 260 |
_a[s.l]: _bTHIEME, _c2008. |
||
| 300 |
_a704: _bXV; _cHB. |
||
| 930 | _a4636 | ||
| 999 |
_c799164 _d799164 |
||
| 650 | _aORTHO | ||